000 01325nam a2200265Ia 4500
999 _c53011
_d53011
001 20042
003 GE_BSU
005 20200604231547.0
008 181216s2004||||ge |||||||||||||| ||geo||
020 _aISBN 99940-32-48-8
040 _cGE_BSU
041 _dgeo
080 _a811.353.1-8(075.8) ა-76
100 _aარაბული, ავთანდილ
_98303
245 _aქართული მეტყველების კულტურა :
_bუმაღლ. სასწ. სტუდენტებისათვის /
_cავთანდილ არაბული ; რედ. ე. ბაბუნაშვილი.
264 _aთბილისი :
_bუნივერსალი,
_c2004.
300 _a308 გვ. ;
_c20 სმ.
504 _aბიბლიოგრაფია გვ. 303
541 _h8ლ.
653 _aქართული ენა
653 _aქართული ენის სახელმძღვანელო უმაღლესი სასწავლებლების სტუდენტებისათვის
653 _aქართული მეტყველების კულტურა
700 _aბაბუნაშვილი, ე.
_eრედაქტორი
_97828
942 _cBK
_2udc